000
00279nam a2200109Ia 4500
008
220204s9999 xx 000 0 und d
082
_a
5.001.5
_b
FOW
100
_a
Fowles, Robert B
245
0
_a
Handbook of futures research
260
_a
Connecticut
_b
Greenwood
_c
1978
942
_c
BK
999
_c
34728
_d
34728